| 000 | 00801cam a2200217 4500 | ||
|---|---|---|---|
| 999 |
_c75714 _d75714 |
||
| 005 | 20190627114147.0 | ||
| 008 | 290917s2006 mx 000 0 spa u | ||
| 020 | _a968878253X | ||
| 050 | 0 | 4 |
_aF1219.73 _bG37 2006 |
| 100 | 1 | _aGarcía Zambrano, Ángel Julián. | |
| 245 | 1 | 0 |
_aPasaje mítico y paisaje fundacional en las migraciones mesoamericanas _b/ Ángel Julián García Zambrano. |
| 250 | _a1a ed. | ||
| 260 |
_aMéxico : _bUniversidad Autónoma del Estado de Morelos, Facultad de Arquitectura, _c2006. |
||
| 300 |
_a276 p. : _bil. ; _c 2006 |
||
| 504 | _aIncluye bibliografía | ||
| 506 | _aPifi 2006 | ||
| 590 | _aCopia 2: Proyecto PIFI 2005 | ||
| 650 | 7 |
_2lemb _aAztecas _xMigraciones |
|
| 650 | 7 |
_2lemb _aAztecas _xReligión y mitología |
|
| 650 | 7 |
_2lemb _aPaisaje _xAspectos simbólicos |
|
| 942 |
_2lcc _cLIB |
||